书目信息 |
| 题名: |
生命美学论稿
|
|
| 作者: | 潘知常 著 ;翟墨 主编 | |
| 分册: | ||
| 出版信息: | 郑州 郑州大学出版社 2002.10 |
|
| 页数: | 409页 | |
| 开本: | 23cm | |
| 丛书名: | 美学新眺望书系 | |
| 单 册: | ||
| 中图分类: | B83-05 | |
| 科图分类: | ||
| 主题词: | 生命--关系--美学--研究 , 美学 | |
| 电子资源: | ||
| ISBN: | 7-81048-619-5 | |
| 000 | 00827nam2 2200277 45 | |
| 001 | 012003000000 | |
| 005 | 20050113144736.89 | |
| 010 | @a7-81048-619-5@dCNY 29.80 | |
| 100 | @a20031011d2002 ekmy0chiy0121 ea | |
| 101 | 0 | @achi |
| 102 | @aCN@b410000 | |
| 105 | @ay z 000yy | |
| 200 | 1 | @a生命美学论稿@Asheng ming mei xue lun gao@e在阐释中理解当代生命美学@f潘知常著 |
| 210 | @a郑州@c郑州大学出版社@d2002.10 | |
| 215 | @a409页@d23cm | |
| 225 | 2 | @a美学新眺望书系@f翟墨主编 |
| 320 | @a本书末含附录和参考文献(第399-404页) | |
| 410 | 0 | @12001 @a美学新眺望书系 |
| 517 | 1 | @a在阐释中理解当代生命美学 |
| 606 | 0 | @a生命@x关系@x美学@x研究 |
| 606 | 0 | @a美学 |
| 690 | @aB83-05@v4 | |
| 701 | 0 | @a潘知常@Apan zhi chang@4著 |
| 702 | 0 | @a翟墨@Azhai mo@4主编 |
| 801 | 0 | @aCN@bQSSKw@c20050113 |
| 905 | @a10447@dB83-05@eP280 | |
| 生命美学论稿:在阐释中理解当代生命美学/潘知常著.-郑州:郑州大学出版社,2002.10 |
| 409页;23cm.-(美学新眺望书系/翟墨主编) |
| ISBN 7-81048-619-5:CNY 29.80 |
| ● |
| 相关链接 |
|
|
|
正题名:生命美学论稿
索取号:B83-05/P280
 
预约/预借
| 序号 | 登录号 | 条形码 | 馆藏地/架位号 | 状态 | 备注 |
| 1 | 437036 | 204370368 | 社科库509/509社科库 33排1列5层/ [索取号:B83-05/P280] | 在馆 | |
| 2 | 437037 | 204370377 | 社科库509/509社科库 33排1列5层/ [索取号:B83-05/P280] | 在馆 | |
| 3 | 437038 | 204370386 | 社科库509/509社科库 33排1列5层/ [索取号:B83-05/P280] | 在馆 |